| 000 | 00618nam a2200181 4500 | ||
|---|---|---|---|
| 005 | 20251006143558.0 | ||
| 008 | 251006b |||||||| |||| 00| 0 eng d | ||
| 020 | _a9780357902080 | ||
| 082 | _aDC 339 M15 2025 | ||
| 100 |
_aMcEachern, William A. _968513 |
||
| 245 |
_aMacro econ : _bprinciples of macroeconomics / _cWilliam A. McEachern and Veronika Dolar. |
||
| 260 |
_aAustralia : _bCengage Learning, Inc., _c©2025. |
||
| 300 |
_aix, 406 pages : _billustrations ; _c28 cm. |
||
| 500 | _aIncludes glossary and index. | ||
| 650 | 0 |
_aEconomics. _968514 |
|
| 700 |
_aDolar, Veronika, _eauthor. _968515 |
||
| 942 |
_2ddc _cDC |
||
| 999 |
_c23981 _d23981 |
||